Self-sufficient agriculture : labour and knowledge in small-scale farming

Main Author: Tripp, Robert
Other Authors: Longley, Catherine
Language:English
Published: London, UK: Earthscan, 2006.
Subjects:
LEADER 01021cam a2200253 7i4500
001 0000048780
005 20171005090000.0
008 070131s2006 -uk eng
020 # 0 |a 1844072967 (hardback)  
020 # 0 |a 1844072975 (paperback)  
020 # 0 |a 9781844072972 (paperback)  
020 # 0 |a 9781844072965 (hardback)  
090 0 0 |a S 494.5 .I5   |b T7 2006 
100 1 # |a Tripp, Robert  
245 1 0 |a Self-sufficient agriculture :   |b labour and knowledge in small-scale farming   |c Robert Tripp ; with Catherine Longley ... [et al.]. 
260 # # |a London, UK:   |b Earthscan,   |c 2006. 
300 # # |a xiv, 242 p.:   |b ill.;   |c 24 cm.. 
504 0 0 |a Includes bibliographical references and index 
650 0 0 |a Agricultural innovations --   |x Developing countries  
650 0 0 |a Sustainable agriculture --   |x Developing countries  
650 0 0 |a Farms, small --   |x Developing countries  
700 1 1 |a Longley, Catherine  
999 |a 1100079387  |b Book  |c Open Shelf  |e KOLEKSI TERBUKA 
999 |a 1100044941  |b Book  |c Open Shelf  |e KOLEKSI TERBUKA